Biggest Capital Cities on Islands - Statistics

General Stats
  • This quiz has been taken 262 times
    4 since last reset
  • The average score is 18 of 19
Answer Stats
Population Capital City % Correct
3.15 m Antananarivo
100%
1.8 m Copenhagen
100%
267 k Dili
100%
1.55 m Dublin
100%
2.15 m Havana
100%
29.5 m Jakarta
100%
666 k Kingston
100%
15.1 m London
100%
27.8 m Manila
100%
3.05 m Port au Prince
100%
364 k Port Moresby
100%
3.9 m Santo Domingo
100%
8 m Singapore
100%
10.1 m Taipei
100%
41.2 m Tokyo
100%
212 k Wellington
100%
1.56 m Manama
67%
296 k Nassau
67%
266 k Bandar Seri Begawan
33%
No matching quizzes found
Score Distribution
Percent of People with Each Score
Percentile by Number Answered
Your Score History
You have not taken this quiz since the last reset